000 00243nam a2200097Ia 4500
001 984882
005 20250826221033.0
008 250824s9999 xx 000 0 und d
245 0 _aKENDİNİ BULMAK
_cİHSAN FAZLIOĞLU
260 _bKETEBE YAYINLARI
999 _c984882
_d984882